| 000 | 01067aab a2200193 i 4500 | ||
|---|---|---|---|
| 001 | 768714001 | ||
| 003 | CO-MdFUSB | ||
| 005 | 20221104150547.0 | ||
| 008 | 221104s2002 sp ||||| |||| 00| 0 spa d | ||
| 040 |
_bspa _cCO-MdFUSB _dCO-MdFUSB |
||
| 041 | _aspa | ||
| 100 | 1 |
_aVargas, Virginia _eautor |
|
| 245 | 1 | 4 |
_aLas luchas feministas por los derechos de las mujeres : _bhacia una nueva agenda global _c/ Virginia Vargas |
| 300 |
_aNúmero 298 (2002), Páginas 47 - 58 _c; 21 cm |
||
| 520 | _aLos dramáticos cambios que hemos vivido en el ultimo cuarto de siglo hacen afirmar que no estamos frente a una época de cambios, sino frente a un cambio de época. La globalización, es que está a la base y es el impulso de estos cambios, es un proceso ambivalente y contradictorio que ha generado nuevos riesgos, nuevas dinámicas de exclusión-inclusión y un nuevo terreno-el global- para el surgimiento de nuestros derechos. | ||
| 653 | _aDerechos de las mujeres | ||
| 773 | 0 |
_tConcilium _049450 _960415 _gNúmero 298 (2002), Páginas 47 - 58 _qPáginas 47 |
|
| 942 | _cANA | ||
| 999 |
_c49922 _d49922 |
||